Quantitative evaluation of heat dissipation of a tellurium dioxide target front cooling during deuterons irradiation; Technical Physics; Vol. 69, No. 2

Détails bibliographiques
Parent link:Technical Physics=Журнал технической физики.— .— Saint Petersburg: Ioffe Institute
Vol. 69, No. 2.— 2024.— P. 306-311
Auteur principal: Salodkin S. S. Stepan Sergeevich
Collectivité auteur: National Research Tomsk Polytechnic University (570)
Autres auteurs: Tyurin Yu. I. Yuri Ivanovich, Sokhoreva V. V. Valentina Viktorovna
Résumé:Title screen
To ensure the maximum possible cyclotron beam current during the production of iodine-based radiopharmaceuticals, a new method of the TeO2 target forward cooling was developed and tested. Using a mathematical model of irradiation and cooling processes, the intensity of heat dissipation was determined, and assumptions about the criteria of destruction of the TeO2 target were made
Текстовый файл
Langue:anglais
Publié: 2024
Sujets:
Accès en ligne:https://journals.ioffe.ru/articles/57971
Статья на русском языке
Format: Électronique Chapitre de livre
KOHA link:https://koha.lib.tpu.ru/cgi-bin/koha/opac-detail.pl?biblionumber=673668

MARC

LEADER 00000naa0a2200000 4500
001 673668
005 20240712124707.0
090 |a 673668 
100 |a 20240711d2024 k||y0rusy50 ba 
101 0 |a eng 
102 |a RU 
135 |a drcn ---uucaa 
181 0 |a i   |b  e  
182 0 |a b 
183 0 |a cr  |2 RDAcarrier 
200 1 |a Quantitative evaluation of heat dissipation of a tellurium dioxide target front cooling during deuterons irradiation  |f S. S. Salodkin, Yu .I. Tyurin, V. V. Sokhoreva  |d Количественная оценка теплоотвода переднего охлаждения мишени из диоксида теллура при облучении ускоренными дейтронами  |z rus 
203 |a Текст  |c электронный  |b визуальный 
283 |a online_resource  |2 RDAcarrier 
300 |a Title screen 
320 |a References: 11 tit. 
330 |a To ensure the maximum possible cyclotron beam current during the production of iodine-based radiopharmaceuticals, a new method of the TeO2 target forward cooling was developed and tested. Using a mathematical model of irradiation and cooling processes, the intensity of heat dissipation was determined, and assumptions about the criteria of destruction of the TeO2 target were made 
336 |a Текстовый файл 
461 1 |t Technical Physics  |c Saint Petersburg  |n Ioffe Institute  |l Журнал технической физики 
463 1 |t Vol. 69, No. 2  |v P. 306-311  |d 2024 
610 1 |a электронный ресурс 
610 1 |a труды учёных ТПУ 
610 1 |a nuclear medicine 
610 1 |a radioiodine 
610 1 |a radiopharmaceutical 
610 1 |a tellurium dioxide 
610 1 |a cyclotron 
610 1 |a target cooling 
700 1 |a Salodkin  |b S. S.  |c specialist in the field of nuclear technologies  |c Engineer of Tomsk Polytechnic University  |f 1992-  |g Stepan Sergeevich  |9 22346 
701 1 |a Tyurin  |b Yu. I.  |c physicist  |c Professor of Tomsk Polytechnic University, Doctor of physical and mathematical sciences (DSc).  |f 1950-  |g Yuri Ivanovich  |9 14367 
701 1 |a Sokhoreva  |b V. V.  |c physicist  |c Senior researcher of Tomsk Polytechnic University  |f 1944-  |g Valentina Viktorovna  |9 15409 
712 0 2 |a National Research Tomsk Polytechnic University  |4 570  |9 27197 
801 0 |a RU  |b 63413507  |c 20240708  |g RCR 
856 4 |u https://journals.ioffe.ru/articles/57971  |z https://journals.ioffe.ru/articles/57971 
856 4 |u https://journals.ioffe.ru/articles/57089  |z Статья на русском языке 
942 |c CR